Woman with horns and other stories / (Record no. 2377)
[ view plain ]
| 000 -LEADER | |
|---|---|
| fixed length control field | 00637nam a22002057a 4500 |
| 005 - DATE AND TIME OF LATEST TRANSACTION | |
| control field | 20250128083016.0 |
| 008 - FIXED-LENGTH DATA ELEMENTS--GENERAL INFORMATION | |
| fixed length control field | 250128b |||||||| |||| 00| 0 eng d |
| 020 ## - INTERNATIONAL STANDARD BOOK NUMBER | |
| International Standard Book Number | 978-1-953716-03-3 |
| 082 ## - DEWEY DECIMAL CLASSIFICATION NUMBER | |
| Classification number | Fil. 808.838 B814 2020 |
| 100 ## - MAIN ENTRY--PERSONAL NAME | |
| Personal name | Brainard, Cecilia M. |
| 245 ## - TITLE STATEMENT | |
| Title | Woman with horns and other stories / |
| Statement of responsibility, etc. | Cecilia Manguerra Brainard |
| 250 ## - EDITION STATEMENT | |
| Edition statement | US ed. |
| 260 ## - PUBLICATION, DISTRIBUTION, ETC. | |
| Place of publication, distribution, etc. | Santa Monica, CA: |
| Name of publisher, distributor, etc. | Palh, |
| Date of publication, distribution, etc. | c2020 |
| 300 ## - PHYSICAL DESCRIPTION | |
| Extent | 93p. |
| 541 ## - IMMEDIATE SOURCE OF ACQUISITION NOTE | |
| Accession number | 7732 c.1, 7733 c.2 |
| 650 ## - SUBJECT ADDED ENTRY--TOPICAL TERM | |
| Topical term or geographic name entry element | Philippine short stories (English) |
| 650 ## - SUBJECT ADDED ENTRY--TOPICAL TERM | |
| Topical term or geographic name entry element | Folklore - Philippines |
| 650 ## - SUBJECT ADDED ENTRY--TOPICAL TERM | |
| Topical term or geographic name entry element | Manners and customs - Philippines |
| 650 ## - SUBJECT ADDED ENTRY--TOPICAL TERM | |
| Topical term or geographic name entry element | Superstitious - Philippines |
| Withdrawn status | Lost status | Source of classification or shelving scheme | Damaged status | Not for loan | Home library | Current library | Date acquired | Total Checkouts | Full call number | Barcode | Date last seen | Date last checked out | Copy number | Price effective from | Koha item type |
|---|---|---|---|---|---|---|---|---|---|---|---|---|---|---|---|
| Dewey Decimal Classification | ctu-moalboal | ctu-moalboal | 02/19/2024 | 2 | Fil. 808.838 B814 2020 | 7732 | 02/16/2026 | 02/16/2026 | 1 | 01/28/2025 | Books-Filipiniana | ||||
| Dewey Decimal Classification | ctu-moalboal | ctu-moalboal | 02/19/2024 | Fil. 808.838 B814 2020 | 7733 | 01/28/2025 | 2 | 01/28/2025 | Books-Filipiniana |